| 000 | 00859nam a2200313Ia 4500 | ||
|---|---|---|---|
| 008 | 171025s9999 xx 000 0 und d | ||
| 020 | _a9780531212059 | ||
| 050 | _a372 | ||
| 050 | _bD631 2015 | ||
| 100 | _aDoak, Robin S. | ||
| 245 | _aMalala Yousafzai / | ||
| 245 | _cby Robin S. Doak. | ||
| 260 | _aNew York : | ||
| 260 | _bChildren's Press, | ||
| 260 | _c2015 | ||
| 300 | _a48 pages : | ||
| 300 | _bcolor illustrations ; | ||
| 300 | _c21cm. | ||
| 500 | _aIncludes bibliographical reference and `index. | ||
| 650 | _aGirls -- Education -- | ||
| 650 | _aGirls -- Violence -- | ||
| 650 | _aPakistan -- | ||
| 650 | _aWoman social performer -- Pakistan -- | ||
| 650 | _xBiography. | ||
| 650 | _xPakistan -- Juvenile literature. | ||
| 650 | _xPakistan -- Juvenile literature. | ||
| 650 | _xSocial conditions. | ||
| 700 | _aTitle. | ||
| 999 |
_c344942 _d344942 |
||